| 000 | 00660 a2200205 4500 | ||
|---|---|---|---|
| 999 |
_c7652 _d7652 |
||
| 010 | _aENG-88118 | ||
| 020 |
_a8188661023 _c295.00 |
||
| 035 | _aEN-295.00 | ||
| 037 | _bDBAD / PUB | ||
| 082 | 1 | 4 | _a954.022 |
| 100 | 1 | _aGuillaume, Lyane | |
| 245 | 1 |
_aJahanara / _cby Lyane Guillaume; translated from French by Uma Narayanan and Prema Seetharam |
|
| 260 |
_aChennai _bEast West Books (Madras) _c2003 |
||
| 270 |
_a571, P.H. Road, Aminjikarai, _bChennai _e600 029 _mewbvsnl.com |
||
| 300 |
_a299 p _c21 cm (Pbk) |
||
| 500 | _aincludes glossary | ||
| 700 | 1 | _aNarayanan, Uma | |
| 700 | 1 | _aPrema Seetharam | |
| 942 |
_adpl _cEN _2ddc _h954.022 _mGUI |
||